| 000 | 01258cam a22003014a 4500 | ||
|---|---|---|---|
| 999 |
_c27815 _d27815 |
||
| 001 | 16420947 | ||
| 003 | OSt | ||
| 005 | 20170210152609.0 | ||
| 008 | 100817s2009 njua b 001 0 eng | ||
| 010 | _a 2010483242 | ||
| 020 | _a9780470128916 | ||
| 040 |
_aDLC _cDLC _dDLC |
||
| 050 | 0 | 0 |
_aHB172 _b.B864 2009 |
| 082 | 0 | 0 |
_a338.5 _222 |
| 100 | 1 | _aBrowning, Edgar K. | |
| 245 | 1 | 0 |
_aMicroeconomics : _btheory & applications / _cEdgar K. Browning, Mark A. Zupan. |
| 250 | _a10th ed. | ||
| 260 |
_aHoboken, NJ : _bWiley, _cc2009. |
||
| 300 |
_axx, 618 p. : _bcol. ill. ; _c26 cm. |
||
| 504 | _aIncludes bibliographical references and index. | ||
| 650 | 0 | _aMicroeconomics. | |
| 650 | 0 |
_aMicroeconomics _vExaminations, questions, etc. |
|
| 700 | 1 | _aZupan, Mark A. | |
| 856 | 4 | 2 |
_3Contributor biographical information _uhttp://www.loc.gov/catdir/enhancements/fy1013/2010483242-b.html |
| 856 | 4 | 2 |
_3Publisher description _uhttp://www.loc.gov/catdir/enhancements/fy1013/2010483242-d.html |
| 856 | 4 | 1 |
_3Table of contents only _uhttp://www.loc.gov/catdir/enhancements/fy1013/2010483242-t.html |
| 906 |
_a7 _bcbc _corignew _d1 _encip _f20 _gy-gencatlg |
||
| 942 |
_2lcc _cBOOKS _hHB 172 .B76 2009 |
||